Statistics for カナダの州と準州

Click here to take the quiz!

General Stats

  • This quiz has been taken 33 times
  • The average score is 7 of 13

Answers on the Map

Answers color-coded by a green-red scale on the quiz's map according to % correct below.
 

Answer Stats

Province / Territory% Correct
ケベック州
93%
オンタリオ州
70%
ニューファンドランド・ラブラドール州
63%
ヌナブト準州
63%
ブリティッシュコロンビア州
56%
マニトバ州
56%
サスカチュワン州
56%
ユーコン準州
52%
アルバータ
41%
ノバスコシア州
33%
プリンス・エドワード州
33%
ニュー・ブランズウィック州
26%
ノースウエスト準州
19%

Score Distribution

Percentile by Number Answered

Percent of People with Each Score

Your Score History

You have not taken this quiz